Diccionario enciclopédico de Sociología (Registro nro. 12875)
[ vista simple ]
| 000 -CABECERA | |
|---|---|
| Longitud fija campo de control | 01363nam a2200373 c 4500 |
| 001 - NÚMERO DE CONTROL | |
| Número de control | 12875 |
| 003 - IDENTIFICADOR DE NÚMERO DE CONTROL | |
| Identificador del número de control | ES-MaCES |
| 005 - FECHA Y HORA DE LA ÚLTIMA TRANSACCIÓN | |
| Fecha y hora de la última transacción | 20141221122220.0 |
| 008 - CAMPO FIJO DE DESCRIPCIÓN FIJA--INFORMACIÓN GENERAL | |
| Códigos de información de longitud fija | 011019s2001 sp d 000 | spa d |
| 017 ## - NÚMERO DE REGISTRO DE DERECHOS DE AUTOR Y DEPÓSITO LEGAL | |
| Número de copyright o de depósito legal | B 131-2001 |
| Agencia que asigna el número | DL |
| 020 ## - ISBN (INTERNATIONAL STANDARD BOOK NUMBER) | |
| Número Internacional Normalizado para Libros (ISBN) | 8425419344 |
| 035 ## - NÚMERO DE CONTROL DEL SISTEMA | |
| Número de control del sistema | CES20010016221m |
| 040 ## - FUENTE DE CATALOGACIÓN | |
| Centro catalogador de origen | ES-MaCES |
| Lengua de catalogación | spa |
| Centro transcriptor | ES-MaCES |
| 041 1# - CÓDIGO DE IDIOMA | |
| Código de lengua del texto;banda sonora o título independiente | spa |
| Código de lengua original | ger |
| 100 1# - ENCABEZAMIENTO PRINCIPAL--NOMBRE PERSONAL | |
| Nombre de persona | Hillmann, Karl-Heinz |
| 9 (RLIN) | 14836 |
| 245 10 - MENCIÓN DE TÍTULO | |
| Título | Diccionario enciclopédico de Sociología |
| Mención de responsabilidad, etc. | Karl-Heinz Hillmann ; fundado por, Günter Hartfiel ; dir. de la ed. española, Antoni Martínez Riu ; con la col. de Josep Pont Vidal ... [et al.] ; [versión española de Alfred Quintana ... et al.] |
| 246 3# - FORMA VARIANTE DEL TÍTULO | |
| Título propio ; Título en breve | Wörterbuch der Soziologie |
| 260 ## - PUBLICACIÓN, DISTRIBUCIÓN, ETC (PIE DE IMPRENTA) | |
| Lugar de publicación, distribución, etc. | Barcelona |
| Nombre del editor, distribuidor, etc. | Herder |
| Fecha de publicación, distribución, etc. | [2001] |
| 300 ## - DESCRIPCIÓN FÍSICA | |
| Extensión | 1046 p. |
| Dimensiones | 25 cm |
| 500 ## - NOTA GENERAL | |
| Nota general | Traducción de: Wörterbuch der Soziologie |
| 541 ## - NOTA DE LA FUENTE INMEDIANTE DE ADQUISICIÓN | |
| Forma de adquisición | Compra |
| 650 #4 - ASIENTO SECUNDARIO DE MATERIA--TÉRMINO DE MATERIA | |
| Término de materia o nombre geográfico como elemento inicial | sociología |
| 9 (RLIN) | 27257 |
| 650 #4 - ASIENTO SECUNDARIO DE MATERIA--TÉRMINO DE MATERIA | |
| Término de materia o nombre geográfico como elemento inicial | diccionario |
| 9 (RLIN) | 28997 |
| 650 #4 - ASIENTO SECUNDARIO DE MATERIA--TÉRMINO DE MATERIA | |
| Término de materia o nombre geográfico como elemento inicial | lengua española |
| 9 (RLIN) | 30838 |
| 653 10 - TÉRMINO DE INDEXACIÓN--NO CONTROLADO | |
| Término no controlado | Diccionarios temáticos |
| 700 1# - ENCABEZAMIENTO SECUNDARIO--NOMBRE PERSONAL | |
| Nombre de persona | Hartfiel, Günter |
| Término indicativo de función | col. |
| 9 (RLIN) | 14504 |
| 700 1# - ENCABEZAMIENTO SECUNDARIO--NOMBRE PERSONAL | |
| Nombre de persona | Martínez Riu, Antoni |
| Término indicativo de función | dir. |
| 9 (RLIN) | 17907 |
| 700 1# - ENCABEZAMIENTO SECUNDARIO--NOMBRE PERSONAL | |
| Nombre de persona | Pont Vidal, Josep |
| Término indicativo de función | col. |
| 9 (RLIN) | 21229 |
| 700 1# - ENCABEZAMIENTO SECUNDARIO--NOMBRE PERSONAL | |
| Nombre de persona | Quintana, Alfred |
| Término indicativo de función | tr. |
| 9 (RLIN) | 21569 |
| 775 0# - ENTRADA DE OTRA EDICIÓN | |
| Título | Diccionario enciclopédico de Sociología |
| Número de control del registro relacionado | (ES-MaCES)17853 |
| 902 ## - CES. TIPO DE DOCUMENTO | |
| Tipodoc (006$c Sirtex) | LIB Libro |
| 942 ## - ELEMENTOS KOHA | |
| Fuente de clasificaión o esquema | Clasificación propia del CES |
| Koha [por defecto] tipo de item | Monografías |
| Parte de clasificación | 9.3. |
| Número de registro | Signatura completa | Tipo de item de Koha |
|---|---|---|
| 044441 | DPT-5692 | Monografías |
